[Event "Server24Chess 2012"]
[Site "St. Ulrich"]
[Date "2012.06.03"]
[Round "2"]
[White "Friedrich, N."]
[Black "Rotstein, A."]
[Result "0-1"]
[WhiteElo "2309"]
[BlackElo "2512"]
[PlyCount "106"]
[EventDate "2012.06.??"]

1. e4 c5 2. Nf3 e6 3. c3 Nf6 4. e5 Nd5 5. Bc4 d6 6. d4 cxd4 7. cxd4 Be7 8. O-O
O-O 9. Qe2 Bd7 10. Nbd2 Bc6 11. Ne4 dxe5 12. dxe5 Nd7 13. Re1 Qc7 14. Ng3 N5b6
15. Bd3 Rfd8 16. Bf4 Nd5 17. Bd2 Nb4 18. Be4 Bxe4 19. Qxe4 Nc6 20. Bc3 b5 21.
Nd4 Nxd4 22. Bxd4 Rac8 23. Ne2 Bc5 24. Rac1 Qb6 25. g3 h6 26. a3 a5 27. Kg2 b4
28. axb4 Qxb4 29. Qe3 Bxd4 30. Nxd4 Rxc1 31. Rxc1 Qxb2 32. Nc6 Ra8 33. Rd1 Qb7
34. Qf3 Kh8 35. h4 a4 36. Kh2 Rf8 37. g4 Nb6 38. g5 hxg5 39. hxg5 Nd5 40. Kg3
Qb3 41. Rd3 Qc2 42. g6 Qc1 43. Rd4 Qg1+ 44. Kh3 Qxg6 45. Rh4+ Kg8 46. Kh2 Qf5
47. Qg3 f6 48. Rg4 Rf7 49. Kg2 a3 50. Ra4 fxe5 51. Ra8+ Rf8 52. Rxa3 Nf4+ 53.
Kh1 Qh7+ 0-1

[Event "Server24Chess 2012"]
[Site "St. Ulrich"]
[Date "2012.06.03"]
[Round "2"]
[White "Romanishin, O."]
[Black "Thorsteinsson, T."]
[Result "1-0"]
[WhiteElo "2511"]
[BlackElo "2248"]
[PlyCount "78"]
[EventDate "2012.06.??"]

1. Nf3 g6 2. g3 Bg7 3. d4 f5 4. Bg2 Nf6 5. O-O O-O 6. b3 Ne4 7. Bb2 d5 8. c4 c6
9. Nc3 Be6 10. Nxe4 dxe4 11. Ng5 Bc8 12. Qc1 Bxd4 13. Rd1 e5 14. c5 Kg7 15.
Bxd4 exd4 16. f3 h6 17. Nh3 exf3 18. exf3 g5 19. f4 g4 20. Nf2 Qf6 21. Qc4 Be6
22. Qxd4 Qxd4 23. Rxd4 Nd7 24. Re1 Kf7 25. Nd3 Rad8 26. b4 Rfe8 27. a4 a6 28.
b5 axb5 29. axb5 Bd5 30. Bxd5+ cxd5 31. Rxe8 Kxe8 32. Rxd5 Nf6 33. Rxd8+ Kxd8
34. Kf2 Kc7 35. Ke3 b6 36. Kd4 Ne4 37. cxb6+ Kxb6 38. Ke5 Kxb5 39. Kxf5 Nd6+
1-0

[Event "Server24Chess 2012"]
[Site "St. Ulrich"]
[Date "2012.06.03"]
[Round "2"]
[White "Molina, Fa"]
[Black "Gretarsson, Hj"]
[Result "0-1"]
[WhiteElo "2269"]
[BlackElo "2477"]
[PlyCount "224"]
[EventDate "2012.06.??"]

1. d4 d5 2. c4 c6 3. Nc3 Nf6 4. Nf3 dxc4 5. e3 Bg4 6. Bxc4 e6 7. h3 Bh5 8. O-O
Nbd7 9. Be2 Be7 10. b3 O-O 11. Bb2 Qa5 12. Nd2 Bg6 13. Nc4 Qc7 14. Bd3 b5 15.
Bxg6 hxg6 16. Nd2 Rfd8 17. Qe2 e5 18. Nf3 exd4 19. Nxd4 a6 20. Rac1 Qb7 21.
Rfd1 c5 22. Qf3 Qxf3 23. Nxf3 Nb6 24. Ne5 Rd6 25. Kf1 Rc8 26. Ke2 Re6 27. Nb1
a5 28. Nd2 Bd6 29. Nef3 Nfd5 30. Ng5 Ree8 31. Nge4 Bf8 32. Kf1 c4 33. bxc4 bxc4
34. Nc3 Nb4 35. Rb1 Rb8 36. Nf3 Nd3 37. Ba1 Bb4 38. Nd4 Rec8 39. Nc2 Bxc3 40.
Bxc3 Na4 41. Rxb8 Rxb8 42. Bxa5 Rb2 43. Na3 Rxf2+ 44. Kg1 Nab2 45. Rd2 Rxd2 46.
Bxd2 Nc5 47. Kf1 Ne4 48. Ke2 f5 49. Nb5 Na4 50. Bb4 Kf7 51. Nd6+ Nxd6 52. Bxd6
Nc3+ 53. Ke1 g5 54. a3 Ke6 55. Bf8 g6 56. Bg7 Ne4 57. Kd1 Kd5 58. Kc2 Kc5 59.
Bf8+ Kb5 60. Be7 g4 61. hxg4 fxg4 62. Bb4 g5 63. Be7 g3 64. Bb4 Nf6 65. Be7 Ne4
66. Bb4 g4 67. Be7 Kc6 68. Bb4 Kd5 69. a4 Kc6 70. Be1 Nf2 71. Kc3 Kc5 72. Kc2
Ne4 73. Bc3 Kd5 74. Bb4 Nf2 75. Kc3 Nd1+ 76. Kd2 Nb2 77. a5 Nd3 78. a6 Kc6 79.
Bd6 Nf2 80. Kc2 Kb6 81. Bxg3 Ne4 82. Be5 Kxa6 83. Bg7 Kb5 84. Bd4 Kc6 85. Ba7
Kd5 86. Bb8 Kc5 87. Be5 Kd5 88. Bb8 Nf6 89. Kc3 Nd7 90. Ba7 Ne5 91. Bd4 Nf7 92.
Ba7 Nd6 93. Bb8 Nf5 94. Ba7 Nh4 95. e4+ Kxe4 96. Kxc4 Nxg2 97. Kc3 Kf3 98. Kd2
g3 99. Bb6 Nf4 100. Ke1 g2 101. Kd2 Ne2 102. Ba7 Ng3 103. Ke1 Nf1 104. Bg1 Ne3
105. Kd2 Nc4+ 106. Kd3 Ne5+ 107. Kd2 Ng6 108. Ke1 Nf4 109. Kd2 Nh3 110. Bh2 Kf2
111. Bc7 Kf1 112. Bh2 Nf2 0-1

[Event "Server24Chess 2012"]
[Site "St. Ulrich"]
[Date "2012.06.03"]
[Round "2"]
[White "Schnell, F."]
[Black "Okhotnik, V."]
[Result "0-1"]
[WhiteElo "1920"]
[BlackElo "2463"]
[PlyCount "70"]
[EventDate "2012.06.??"]

1. d4 g6 2. Nf3 Bg7 3. Bf4 d6 4. e3 Nd7 5. Bc4 e5 6. Bg3 Nh6 7. e4 Nb6 8. Be2
exd4 9. Nbd2 O-O 10. Rb1 Be6 11. a3 f5 12. Bh4 Qd7 13. Ng5 fxe4 14. Nxe6 Qxe6
15. O-O Nf5 16. Bg3 Nxg3 17. hxg3 c5 18. a4 a5 19. b3 d5 20. Bg4 Qf7 21. f4 Nc8
22. Qe2 Nd6 23. Rbc1 Rae8 24. Nb1 c4 25. bxc4 dxc4 26. Na3 Qd5 27. Nb5 Nxb5 28.
axb5 Qxb5 29. Rb1 Qc6 30. Qd2 b6 31. f5 gxf5 32. Rxf5 Rxf5 33. Bxf5 d3 34. cxd3
Qc5+ 35. Qf2 Bd4 0-1

[Event "Server24Chess 2012"]
[Site "St. Ulrich"]
[Date "2012.06.03"]
[Round "2"]
[White "Baron, Ta"]
[Black "Valsecchi, A."]
[Result "1/2-1/2"]
[WhiteElo "2467"]
[BlackElo "2413"]
[PlyCount "56"]
[EventDate "2012.06.??"]

1. e4 c6 2. d4 d5 3. Nc3 g6 4. h3 Bg7 5. Nf3 Nf6 6. Bd3 dxe4 7. Nxe4 Nxe4 8.
Bxe4 Nd7 9. O-O O-O 10. Bg5 Nf6 11. Bd3 Qb6 12. Qe2 Be6 13. c4 Rad8 14. Rad1
Rfe8 15. Rfe1 a6 16. Qc2 Qc7 17. Re3 Nh5 18. Rde1 Nf4 19. Be4 Bc8 20. Bd3 Ne6
21. Bh4 Nxd4 22. Nxd4 Bxd4 23. Rxe7 Rxe7 24. Rxe7 Qd6 25. Qe2 Bf6 26. Re8+ Kg7
27. Bxf6+ Qxf6 28. Rxd8 Qxd8 1/2-1/2

[Event "Server24Chess 2012"]
[Site "St. Ulrich"]
[Date "2012.06.03"]
[Round "2"]
[White "Turrin, O."]
[Black "Van Foreest, Jorden"]
[Result "1/2-1/2"]
[WhiteElo "2036"]
[BlackElo "2175"]
[PlyCount "70"]
[EventDate "2012.06.??"]

1. d4 d5 2. Nf3 c6 3. c4 Nf6 4. Nc3 dxc4 5. a4 e6 6. e3 c5 7. Bxc4 Nc6 8. O-O
cxd4 9. exd4 Be7 10. d5 exd5 11. Nxd5 Nxd5 12. Qxd5 Qxd5 13. Bxd5 O-O 14. Bg5
Bxg5 15. Nxg5 h6 16. Ne4 Bf5 17. Rfd1 Rad8 18. f3 Rfe8 19. Bxc6 bxc6 20. Rxd8
Rxd8 21. Rc1 Rd4 22. b3 Be6 23. Rxc6 Bxb3 24. a5 Rc4 25. Rxc4 Bxc4 26. Kf2 Kf8
27. Ke3 Ke7 28. Kd4 Bf1 29. g3 Kd7 30. Nd2 Be2 31. Kd5 Kc7 32. Kc5 Kb7 33. f4
Ka6 34. Kb4 Kb7 35. Kc5 Ka6 1/2-1/2

[Event "Server24Chess 2012"]
[Site "St. Ulrich"]
[Date "2012.06.03"]
[Round "2"]
[White "Ulibin, M."]
[Black "Battistella, S."]
[Result "1-0"]
[WhiteElo "2519"]
[BlackElo "2104"]
[PlyCount "57"]
[EventDate "2012.06.??"]

1. e4 e5 2. Nf3 Nc6 3. Bb5 a6 4. Ba4 d6 5. c3 f5 6. exf5 Bxf5 7. O-O Bd3 8. Re1
Be7 9. Bc2 Bxc2 10. Qxc2 Nf6 11. d4 e4 12. Ng5 d5 13. f3 h6 14. Nh3 O-O 15. Nd2
exf3 16. Nxf3 Qd7 17. Qg6 Qg4 18. Qxg4 Nxg4 19. Nf4 Nf6 20. Ne6 Rfc8 21. Bf4
Bd6 22. Bxd6 cxd6 23. Nh4 Ne4 24. Nf5 Kf7 25. Nexg7 Rg8 26. Nh5 Rg6 27. Re2 Re8
28. Rf1 Kf8 29. Nf4 1-0

[Event "Server24Chess 2012"]
[Site "St. Ulrich"]
[Date "2012.06.03"]
[Round "2"]
[White "Curien, N."]
[Black "Waldner, M."]
[Result "1-0"]
[WhiteElo "2235"]
[BlackElo "2068"]
[PlyCount "101"]
[EventDate "2012.06.??"]

1. d4 d6 2. e4 Nf6 3. Nc3 g6 4. Be3 Bg7 5. h3 c6 6. Nf3 O-O 7. a4 e5 8. dxe5
dxe5 9. Bc4 Qe7 10. O-O Be6 11. Bxe6 Qxe6 12. Bc5 Re8 13. Qe2 Bf8 14. Ng5 Qd7
15. Rad1 Qc7 16. Bxf8 Rxf8 17. Qc4 h6 18. Nf3 Qe7 19. Rd2 Nbd7 20. Rfd1 Rfe8
21. a5 Qe6 22. Qxe6 Rxe6 23. Rxd7 Nxd7 24. Rxd7 b6 25. a6 Kf8 26. Kf1 Re7 27.
Rxe7 Kxe7 28. Nxe5 Rc8 29. Ke2 Ke6 30. Nd3 Rd8 31. Ke3 Rd7 32. f4 Re7 33. g4
Kd6 34. e5+ Kd7 35. Ne4 Ke6 36. Nf6 Rc7 37. Ke4 Rc8 38. f5+ Ke7 39. h4 Kf8 40.
fxg6 fxg6 41. Nf4 g5 42. hxg5 hxg5 43. Ne6+ Ke7 44. Kf5 Rh8 45. Nh5 c5 46. c4
Rg8 47. Nf6 Rh8 48. Nd5+ Kd7 49. Nxg5 Rh1 50. e6+ Ke8 51. Ne4 1-0

[Event "Server24Chess 2012"]
[Site "St. Ulrich"]
[Date "2012.06.03"]
[Round "2"]
[White "De Napoli, G."]
[Black "Lasinskas, P."]
[Result "1/2-1/2"]
[WhiteElo "2057"]
[BlackElo "2194"]
[PlyCount "102"]
[EventDate "2012.06.??"]

1. d4 Nf6 2. Nf3 g6 3. Nc3 d5 4. Bf4 Bg7 5. e3 O-O 6. Be2 Nh5 7. Bg5 h6 8. Bh4
Nc6 9. Ne5 Nxe5 10. dxe5 Bxe5 11. Nxd5 Nf6 12. Nxf6+ Bxf6 13. Bxf6 exf6 14. O-O
Qe7 15. Qd4 Be6 16. Rfd1 Rfd8 17. Qc3 c5 18. Bc4 Bxc4 19. Qxc4 Qe5 20. Qb3 b6
21. c4 Qh5 22. Qc2 Qe5 23. Rd2 Rxd2 24. Qxd2 Qe4 25. b3 Re8 26. Rd1 Kg7 27. Qd3
Qg4 28. h3 Qh5 29. Qd7 Re6 30. Rd2 a5 31. Rd6 Rxd6 32. Qxd6 Qe2 33. Qxb6 Qxa2
34. Qxc5 Qxb3 35. Qxa5 Qxc4 36. Qd2 h5 37. Qd4 Qe2 38. e4 g5 39. f3 Qe1+ 40.
Kh2 Qc1 41. Qf2 Kg6 42. Qg3 h4 43. Qd6 Qc3 44. Kg1 Qe1+ 45. Kh2 Qe3 46. Kh1
Qc1+ 47. Kh2 Qa1 48. Qf8 Qe5+ 49. Kg1 Qd4+ 50. Kf1 Qd1+ 51. Kf2 Qd2+ 1/2-1/2

[Event "Server24Chess 2012"]
[Site "St. Ulrich"]
[Date "2012.06.03"]
[Round "2"]
[White "Schaefer, Mi1"]
[Black "Trefzer, E."]
[Result "0-1"]
[WhiteElo "2179"]
[BlackElo "2052"]
[PlyCount "70"]
[EventDate "2012.06.??"]

1. g3 f5 2. Bg2 Nf6 3. c4 g6 4. b4 Bg7 5. Bb2 d6 6. d4 c6 7. Nf3 Na6 8. Qb3 Nc7
9. a4 a5 10. bxa5 Rxa5 11. O-O O-O 12. Nbd2 Kh8 13. Bc3 Ra8 14. Qc2 d5 15. Ne5
Ne4 16. Nxe4 fxe4 17. cxd5 cxd5 18. Rfc1 Ne6 19. Rab1 Ng5 20. Bd2 Nf7 21. Nxf7+
Rxf7 22. Be3 e5 23. Qc3 Be6 24. dxe5 Rxa4 25. Rd1 Qb8 26. Rb6 Ra6 27. Rdb1 Rxb6
28. Rxb6 Bg4 29. Bd4 Rc7 30. Qb2 Qc8 31. f3 exf3 32. Bxf3 Bxf3 33. e6 Be4 34.
Bxg7+ Rxg7 35. e7 Qc5+ 0-1

[Event "Server24Chess 2012"]
[Site "St. Ulrich"]
[Date "2012.06.03"]
[Round "2"]
[White "Zucchelli, M."]
[Black "Lehnert, M."]
[Result "1-0"]
[WhiteElo "2169"]
[BlackElo "2026"]
[PlyCount "83"]
[EventDate "2012.06.??"]

1. d4 d6 2. Nf3 Nd7 3. g3 e5 4. Bg2 Ngf6 5. O-O Be7 6. c4 c6 7. Nc3 O-O 8. h3
Nh5 9. e4 g6 10. Bh6 Re8 11. Qd2 Qc7 12. Rad1 Ng7 13. d5 c5 14. Ng5 Nb6 15. b3
f6 16. Nf3 Bd7 17. Rde1 a5 18. a4 f5 19. Ng5 f4 20. gxf4 exf4 21. Nf3 Nh5 22.
Bxf4 Nxf4 23. Qxf4 Rf8 24. Qg3 Qd8 25. Re3 Bf6 26. e5 dxe5 27. Nxe5 Bf5 28. Nb5
Re8 29. d6 Re6 30. Ng4 Bg7 31. Bxb7 Rb8 32. Bg2 Rxe3 33. Nxe3 Bd7 34. Nd5 Nc8
35. Ne7+ Kh8 36. Nxc8 Qxc8 37. Re1 Bf6 38. Nc7 Qd8 39. Nd5 Bg7 40. Re7 Bf5 41.
d7 Bf8 42. Re8 1-0

[Event "Server24Chess 2012"]
[Site "St. Ulrich"]
[Date "2012.06.03"]
[Round "2"]
[White "Giuriato, S."]
[Black "Van Heirzeele, D."]
[Result "0-1"]
[WhiteElo "1994"]
[BlackElo "2160"]
[PlyCount "68"]
[EventDate "2012.06.??"]

1. d4 Nf6 2. c4 e6 3. Nc3 Bb4 4. e3 O-O 5. Bd3 c5 6. Nf3 b6 7. O-O Bb7 8. Qe2
Bxc3 9. bxc3 Be4 10. Bd2 Nc6 11. Rad1 Qc7 12. Ng5 Bxd3 13. Qxd3 h6 14. Ne4 Nxe4
15. Qxe4 Na5 16. d5 f5 17. Qd3 e5 18. e4 f4 19. f3 d6 20. Be1 Qd7 21. g3 g5 22.
gxf4 gxf4 23. Kh1 Kf7 24. Rd2 Rg8 25. Rg1 Rg5 26. Rg4 Rxg4 27. fxg4 Qxg4 28.
Rg2 Qh5 29. Qf1 Rg8 30. Rxg8 Kxg8 31. Qg2+ Kf7 32. Bf2 Nxc4 33. h4 Nd2 34. Kh2
Qf3 0-1

[Event "Server24Chess 2012"]
[Site "St. Ulrich"]
[Date "2012.06.03"]
[Round "2"]
[White "Akshat, Chandra"]
[Black "Blaeser, R."]
[Result "1-0"]
[WhiteElo "2146"]
[BlackElo "1991"]
[PlyCount "55"]
[EventDate "2012.06.??"]

1. e4 c5 2. Nf3 Nc6 3. d4 cxd4 4. Nxd4 g6 5. Nc3 Bg7 6. Be3 Nf6 7. Bc4 Qa5 8.
O-O O-O 9. Bb3 d6 10. h3 Bd7 11. Re1 Nxd4 12. Bxd4 Bc6 13. Nd5 Rfe8 14. Bc3 Qd8
15. Nxf6+ exf6 16. Qd4 Qe7 17. Rad1 a5 18. a4 Qe5 19. Qxd6 Qxd6 20. Rxd6 f5 21.
e5 Bf8 22. Rf6 Re7 23. e6 Be8 24. exf7+ Bxf7 25. Rxe7 Bxb3 26. Rxb7 Bxc2 27.
Rff7 Rd8 28. Rxh7 1-0

[Event "Server24Chess 2012"]
[Site "St. Ulrich"]
[Date "2012.06.03"]
[Round "2"]
[White "Bernardi, R."]
[Black "Roesch, Mario"]
[Result "1/2-1/2"]
[WhiteElo "2149"]
[BlackElo "1980"]
[PlyCount "64"]
[EventDate "2012.06.??"]

1. e4 g6 2. d4 c6 3. Nf3 d5 4. exd5 cxd5 5. c4 Nf6 6. Nc3 Bg7 7. Qb3 O-O 8.
cxd5 Nbd7 9. Bg5 Nb6 10. Bc4 Nxc4 11. Qxc4 b6 12. O-O Bb7 13. Bxf6 exf6 14.
Rac1 Qd7 15. a3 Rac8 16. Qb5 Qd6 17. Qb3 Qd7 18. Rfd1 Bh6 19. Rc2 Kg7 20. Re2
Ba6 21. Re4 Bc4 22. Qb4 Qd8 23. Qe7 Rc7 24. d6 Rd7 25. Qxd8 Rfxd8 26. Re7 Bf4
27. Ne4 Be2 28. Re1 Bxf3 29. gxf3 f5 30. Nc3 Bxd6 31. Re8 Rxe8 32. Rxe8 Be7
1/2-1/2

[Event "Server24Chess 2012"]
[Site "St. Ulrich"]
[Date "2012.06.03"]
[Round "2"]
[White "Van Foreest, Lucas"]
[Black "Kottenhoff, Roland"]
[Result "0-1"]
[WhiteElo "1960"]
[BlackElo "2138"]
[PlyCount "76"]
[EventDate "2012.06.??"]

1. c4 Nf6 2. d4 c5 3. Nf3 g6 4. Nc3 cxd4 5. Nxd4 Bg7 6. e4 d6 7. Be2 O-O 8. Be3
Bd7 9. O-O Nc6 10. f3 a6 11. Qd2 Re8 12. Rac1 Rc8 13. a3 Na5 14. Nd5 Nc6 15.
Nc3 Qa5 16. b4 Qh5 17. Nxc6 Rxc6 18. Nd5 Nxd5 19. cxd5 Rcc8 20. f4 Bg4 21. Bd3
Qh4 22. b5 Qf6 23. b6 Qb2 24. Qxb2 Bxb2 25. Rc7 Rxc7 26. bxc7 Bxa3 27. Rb1 Bc8
28. Bb6 e6 29. Bc4 e5 30. Rb3 Bc1 31. Ba5 b5 32. Bd3 Be3+ 33. Kf1 exf4 34. Bb4
Bc5 35. Bxc5 dxc5 36. d6 Bd7 37. Bc4 bxc4 38. Rb8 Rc8 0-1

[Event "Server24Chess 2012"]
[Site "St. Ulrich"]
[Date "2012.06.03"]
[Round "2"]
[White "Bianco, V."]
[Black "Simeone, G."]
[Result "1/2-1/2"]
[WhiteElo "2132"]
[BlackElo "1972"]
[PlyCount "99"]
[EventDate "2012.06.??"]

1. e4 c6 2. d4 d5 3. Nd2 dxe4 4. Nxe4 Nf6 5. Nxf6+ exf6 6. Bc4 Qe7+ 7. Qe2 Be6
8. Bxe6 Qxe6 9. Bf4 Bb4+ 10. c3 Be7 11. Nf3 O-O 12. Qxe6 fxe6 13. O-O-O Nd7 14.
Rhe1 Kf7 15. Re2 g5 16. Bg3 Rfe8 17. Rde1 Bf8 18. Rd1 h5 19. h3 Bh6 20. Kb1 Nb6
21. Nd2 f5 22. Nf3 Nd7 23. Ne5+ Nxe5 24. Bxe5 Rad8 25. Kc2 Bf8 26. Red2 Kg6 27.
f3 f4 28. c4 Kf5 29. Bc7 Rd7 30. Ba5 Bg7 31. d5 exd5 32. cxd5 Rxd5 33. Rxd5+
cxd5 34. Rxd5+ Re5 35. Rxe5+ Bxe5 36. b3 g4 37. hxg4+ hxg4 38. Kd3 gxf3 39.
gxf3 Bf6 40. Be1 Be5 41. Bf2 a6 42. Kc4 Ke6 43. a4 Bc7 44. b4 Bd6 45. b5 Ke5
46. Bc5 Bc7 47. Bf8 Bb6 48. Bc5 Bc7 49. Bd4+ Kd6 50. Bc5+ 1/2-1/2

[Event "Server24Chess 2012"]
[Site "St. Ulrich"]
[Date "2012.06.03"]
[Round "2"]
[White "Rubini, A."]
[Black "Moroder, S."]
[Result "0-1"]
[WhiteElo "1926"]
[BlackElo "2129"]
[PlyCount "80"]
[EventDate "2012.06.??"]

1. e4 c5 2. Nf3 d6 3. d4 cxd4 4. Nxd4 Nf6 5. Nc3 a6 6. Bc4 e6 7. O-O Be7 8. Bb3
O-O 9. f4 Qc7 10. Be3 b5 11. f5 b4 12. fxe6 bxc3 13. exf7+ Kh8 14. bxc3 Qxc3
15. Nf5 Bxf5 16. Bd4 Bg4 17. Bxc3 Bxd1 18. Raxd1 Nbd7 19. Bb4 Ra7 20. Rxd6 a5
21. Ba3 Nxe4 22. Rd4 Bxa3 23. Rxe4 Nf6 24. Rc4 Raxf7 25. Rcf4 Rc7 26. g4 Rcc8
27. h3 h6 28. Rf5 Ne4 29. Rxa5 Bc5+ 30. Kg2 Rxf1 31. Kxf1 Nd2+ 32. Kg2 Bb4 33.
Ra4 Nxb3 34. cxb3 Rc2+ 35. Kg3 Bd6+ 36. Kh4 Kh7 37. Kh5 Rc5+ 38. Kh4 Rc3 39.
Ra5 Bg3+ 40. Kh5 g6# 0-1

[Event "Server24Chess 2012"]
[Site "St. Ulrich"]
[Date "2012.06.03"]
[Round "2"]
[White "Ulibin, M."]
[Black "Battistella, S."]
[Result "1-0"]
[WhiteElo "2519"]
[BlackElo "2104"]
[PlyCount "57"]
[EventDate "2012.06.??"]

1. e4 e5 2. Nf3 Nc6 3. Bb5 a6 4. Ba4 d6 5. c3 f5 6. exf5 Bxf5 7. O-O Bd3 8. Re1
Be7 9. Bc2 Bxc2 10. Qxc2 Nf6 11. d4 e4 12. Ng5 d5 13. f3 h6 14. Nh3 O-O 15. Nd2
exf3 16. Nxf3 Qd7 17. Qg6 Qg4 18. Qxg4 Nxg4 19. Nf4 Nf6 20. Ne6 Rfc8 21. Bf4
Bd6 22. Bxd6 cxd6 23. Nh4 Ne4 24. Nf5 Kf7 25. Nexg7 Rg8 26. Nh5 Rg6 27. Re2
Rag8 28. Rf1 Ke8 29. Nf4 1-0

[Event "Server24Chess 2012"]
[Site "St. Ulrich"]
[Date "2012.06.04"]
[Round "3"]
[White "Gretarsson, Hj"]
[Black "Peralta, Fe"]
[Result "1/2-1/2"]
[WhiteElo "2477"]
[BlackElo "2590"]
[PlyCount "48"]
[EventDate "2012.06.??"]

1. d4 d6 2. c4 e5 3. Nf3 e4 4. Ng5 f5 5. Nc3 Be7 6. Nh3 Nf6 7. Nf4 c6 8. h4 O-O
9. e3 Na6 10. Be2 Nc7 11. Qc2 d5 12. cxd5 cxd5 13. Qb3 b5 14. Bd2 a6 15. Rc1
Kh8 16. g3 Bd7 17. a3 a5 18. Na2 Bd6 19. Kf1 Qe7 20. Kg2 Rfb8 21. Qd1 Ne6 22.
Nxe6 Bxe6 23. b4 Bd7 24. Qb3 a4 1/2-1/2

[Event "Server24Chess 2012"]
[Site "St. Ulrich"]
[Date "2012.06.04"]
[Round "3"]
[White "Arun Prasad, S."]
[Black "Romanishin, O."]
[Result "1/2-1/2"]
[WhiteElo "2519"]
[BlackElo "2511"]
[PlyCount "48"]
[EventDate "2012.06.??"]

1. d4 Nf6 2. c4 e6 3. Nc3 Bb4 4. e3 b6 5. Nge2 c5 6. a3 Ba5 7. Rb1 Na6 8. g3
cxd4 9. exd4 Bxc3+ 10. Nxc3 Bb7 11. d5 O-O 12. Bg2 Rc8 13. b3 exd5 14. O-O Nc5
15. Nxd5 Nxd5 16. Bxd5 Bxd5 17. Qxd5 Re8 18. Be3 Qe7 19. Rfe1 Qe6 20. Red1 Re7
21. b4 Ne4 22. Rbc1 Qh3 23. Qd3 Nf6 24. Qf1 Qh5 1/2-1/2

[Event "Server24Chess 2012"]
[Site "St. Ulrich"]
[Date "2012.06.04"]
[Round "3"]
[White "Kveinys, A."]
[Black "Manca, F."]
[Result "0-1"]
[WhiteElo "2512"]
[BlackElo "2424"]
[PlyCount "86"]
[EventDate "2012.06.??"]

1. e4 e5 2. Nf3 Nc6 3. Bb5 a6 4. Ba4 Nf6 5. O-O Be7 6. Re1 b5 7. Bb3 d6 8. c3
O-O 9. h3 Na5 10. Bc2 c5 11. d4 Qc7 12. Nbd2 Bd7 13. Nf1 Nc4 14. b3 Nb6 15. Ne3
c4 16. Ba3 Rfe8 17. bxc4 Nxc4 18. Nxc4 bxc4 19. d5 Bf8 20. Nd2 g6 21. Qf3 Nh5
22. Reb1 Rab8 23. Kh2 Nf4 24. h4 h5 25. Qd1 Bh6 26. Nf1 Bg4 27. f3 Rxb1 28.
Rxb1 Bh3 29. Bc1 Qc8 30. Kg1 Bd7 31. Be3 Kh7 32. Qd2 g5 33. hxg5 Bxg5 34. g3
Nh3+ 35. Kh2 Bxe3 36. Nxe3 Rg8 37. Ng2 Ng5 38. Qf2 Bb5 39. g4 hxg4 40. Rh1 Kg7
41. Nh4 gxf3 42. Nf5+ Kf6 43. Qb6 Nxe4 0-1

[Event "Server24Chess 2012"]
[Site "St. Ulrich"]
[Date "2012.06.04"]
[Round "3"]
[White "Borgo, G."]
[Black "Gleizerov, E."]
[Result "1/2-1/2"]
[WhiteElo "2395"]
[BlackElo "2570"]
[PlyCount "75"]
[EventDate "2012.06.??"]

1. e4 e6 2. d3 d5 3. Qe2 Nc6 4. Nf3 e5 5. c3 Nf6 6. b4 Bg4 7. Bg5 Be7 8. b5 Nb8
9. h3 Bxf3 10. Qxf3 dxe4 11. dxe4 Nfd7 12. Bc4 O-O 13. Be3 a6 14. O-O axb5 15.
Bxb5 c6 16. Bc4 Na6 17. Rd1 Qc7 18. Nd2 b5 19. Bb3 Nac5 20. Nf1 Nxb3 21. axb3
Nc5 22. Bxc5 Bxc5 23. b4 Be7 24. Rxa8 Rxa8 25. g3 g6 26. h4 h5 27. Kg2 Ra2 28.
Rd2 Ra3 29. Qd1 Ra7 30. g4 Bxh4 31. gxh5 Qe7 32. Qg4 Qf6 33. hxg6 fxg6 34. Nh2
Bg5 35. Rd3 Rf7 36. Nf3 Bc1 37. Rd1 Bh6 38. Rd3 1/2-1/2

[Event "Server24Chess 2012"]
[Site "St. Ulrich"]
[Date "2012.06.04"]
[Round "3"]
[White "Ernst, S."]
[Black "Petkov, V."]
[Result "1-0"]
[WhiteElo "2554"]
[BlackElo "2512"]
[PlyCount "131"]
[EventDate "2012.06.??"]

1. d4 c5 2. d5 g6 3. e4 Bg7 4. Nf3 d6 5. h3 a6 6. a4 e6 7. Nc3 Ne7 8. Bc4 e5 9.
Be2 O-O $2 10. a5 Nd7 11. h4 h6 12. h5 g5 13. g4 b5 14. axb6 Nxb6 15. Nh2 a5
16. Nf1 Bd7 17. Ne3 a4 18. Bd2 Qc7 19. Ra3 Rfb8 20. Qa1 Bf6 21. O-O $2 Kg7 22.
Qa2 Qc8 23. f3 Qe8 24. Ra1 Nec8 25. Qb1 Bd8 26. Qf1 Kh7 27. R1a2 Na7 28. b3
axb3 29. Rxb3 Nac8 30. Rab2 Rb7 31. Rb1 Rba7 32. Qc1 Qe7 33. Kg2 Qe8 34. Nf5
Bxf5 35. exf5 e4 36. Nxe4 Nxd5 37. Bb5 Qe5 38. Bc6 c4 39. Rb5 Ncb6 40. Rxb6
Nxb6 41. Bc3 Qf4 42. Qxf4 gxf4 43. Bxa8 Rxa8 44. Nxd6 Nd5 45. Bd4 Ne3+ 46. Bxe3
fxe3 47. Nxc4 Bg5 48. Re1 Rc8 49. Nxe3 Re8 50. f4 Bxf4 51. Kf3 Bg5 52. Re2 Rc8
53. Nd1 Kg7 54. Nf2 Rc3+ 55. Kg2 Rc4 56. Ne4 Bf6 57. Kf3 Be5 58. Rd2 Rc7 59.
Rd5 Bb2 60. Rc5 Ra7 61. Rc6 Be5 62. g5 hxg5 63. h6+ Kf8 64. Rc8+ Ke7 65. h7
Ra3+ 66. c3 1-0

[Event "Server24Chess 2012"]
[Site "St. Ulrich"]
[Date "2012.06.04"]
[Round "3"]
[White "Dittmar, P."]
[Black "Saravanan, V1."]
[Result "0-1"]
[WhiteElo "2297"]
[BlackElo "2401"]
[PlyCount "102"]
[EventDate "2012.06.??"]

1. d4 Nf6 2. c4 g6 3. Nc3 d5 4. e3 Bg7 5. Qb3 e6 6. Qa3 a5 7. Bd2 c6 8. c5 O-O
9. f4 Nfd7 10. Nf3 b6 11. cxb6 Nxb6 12. Rc1 Re8 13. Na4 Bf8 14. Qb3 Nxa4 15.
Qxa4 Qb6 16. Qc2 Bb7 17. Be2 Rc8 18. O-O c5 19. Qb3 Qxb3 20. axb3 Nc6 21. Bb5
Nb4 22. Ne5 cxd4 23. exd4 Rxc1 24. Rxc1 Rc8 25. Rxc8 Bxc8 26. Nc6 Nxc6 27. Bxc6
Bb4 28. Bxb4 axb4 29. g4 h6 30. g5 hxg5 31. fxg5 Ba6 32. Kf2 Bd3 33. Ke3 Bc2
34. Ba4 f6 35. h4 Kf7 36. Kf4 Ke7 37. Ke3 e5 38. Kd2 Be4 39. Ke3 fxg5 40. hxg5
Ke6 41. Bc6 exd4+ 42. Kxd4 Kf5 43. Kc5 Kxg5 44. Kxb4 Kf4 45. Bd7 d4 46. Kc4 d3
47. Kc3 Ke3 48. Bg4 d2 49. b4 Bd3 50. Bd1 g5 51. b3 g4 0-1

[Event "Server24Chess 2012"]
[Site "St. Ulrich"]
[Date "2012.06.04"]
[Round "3"]
[White "Sulskis, S."]
[Black "Curien, N."]
[Result "0-1"]
[WhiteElo "2586"]
[BlackElo "2235"]
[PlyCount "90"]
[EventDate "2012.06.??"]

1. c4 e6 2. d4 d5 3. Nc3 c6 4. Nf3 dxc4 5. a4 Bb4 6. e3 b5 7. Bd2 a5 8. axb5
Bxc3 9. Bxc3 cxb5 10. b3 Bb7 11. bxc4 b4 12. Bb2 Nf6 13. Bd3 Nbd7 14. O-O O-O
15. Nd2 e5 16. Bf5 Qc7 17. dxe5 Nxe5 18. f4 Ned7 19. e4 Qb6+ 20. Kh1 Nc5 21.
Bd4 Qc6 22. Bxc5 Qxc5 23. e5 Rfd8 24. Qe2 a4 25. Nf3 b3 26. Nh4 Ne8 27. e6 Nf6
28. exf7+ Kh8 29. Qe5 Qxc4 30. Bxh7 Qxf7 31. Bf5 Re8 32. Qc3 Qh5 33. Qg3 Re2
34. Rae1 Bxg2+ 35. Nxg2 Rxe1 36. Rxe1 Qxf5 37. Nh4 Qd5+ 38. Kg1 Qc5+ 39. Kg2
Re8 40. Re5 Qc2+ 41. Kh3 Rxe5 42. fxe5 Qc8+ 43. Kg2 Qg4 44. exf6 Qxg3+ 45. hxg3
gxf6 0-1

[Event "Server24Chess 2012"]
[Site "St. Ulrich"]
[Date "2012.06.04"]
[Round "3"]
[White "Van Foreest, Jorden"]
[Black "Ulibin, M."]
[Result "0-1"]
[WhiteElo "2175"]
[BlackElo "2519"]
[PlyCount "71"]
[EventDate "2012.06.??"]

1. d4 d5 2. c4 c5 3. Nc3 cxd4 4. Qxd4 Nc6 5. Qxd5 Be6 6. Qxd8+ Rxd8 7. Bd2 Bxc4
8. O-O-O g6 9. Nf3 Bg7 10. e4 Bxf1 11. Rhxf1 Nf6 12. h3 O-O 13. Be3 Nd7 14. Kc2
Nb6 15. Bxb6 axb6 16. a3 f5 17. Rfe1 Rxd1 18. Nxd1 b5 19. Kb3 Rc8 20. e5 Nd8
21. Nc3 Rc5 22. Rd1 Nc6 23. Rd7 Bxe5 24. Nxe5 Rxe5 25. f4 Re3 26. Kc2 b4 27.
axb4 Nxb4+ 28. Kd2 Rg3 29. Rxb7 Rxg2+ 30. Ke3 Rxb2 31. Ra7 Rh2 32. Rc7 Rxh3+
33. Kd4 Kf7 34. Rc4 Nc2+ 35. Kc5 Na3 36. Kd4 0-1

[Event "Server24Chess 2012"]
[Site "St. Ulrich"]
[Date "2012.06.04"]
[Round "3"]
[White "Zucchelli, M."]
[Black "Baron, Ta"]
[Result "1/2-1/2"]
[WhiteElo "2169"]
[BlackElo "2467"]
[PlyCount "72"]
[EventDate "2012.06.??"]

1. d4 Nf6 2. c4 g6 3. Nc3 d5 4. Nf3 Bg7 5. Bf4 O-O 6. Rc1 dxc4 7. e4 Bg4 8.
Bxc4 Nh5 9. Be3 Bxf3 10. gxf3 e5 11. dxe5 Qh4 12. e6 fxe6 13. Bxe6+ Kh8 14. Nd5
Nc6 15. Nxc7 Rad8 16. Bd5 Ne5 17. Ne6 Rxf3 18. Qe2 Re8 19. Nxg7 Nxg7 20. Rc3
Ref8 21. Bc5 Rxc3 22. bxc3 Rf4 23. Bd4 Nf3+ 24. Kd1 Nxd4 25. cxd4 Rxf2 26. Rf1
Rf4 27. Rxf4 Qxf4 28. Bxb7 Ne6 29. Bd5 Nxd4 30. Qd2 Qf1+ 31. Qe1 Qf3+ 32. Kc1
Qd3 33. Qd2 Ne2+ 34. Kd1 Nc3+ 35. Ke1 Qb1+ 36. Kf2 Nxe4+ 1/2-1/2